Guide to food transport: fruit and vegetables

Guardat en:
Dades bibliogràfiques
Format: Llibre
Idioma:anglès
Publicat: Copenhague Mercantila Publishers 1989
Matèries:
Etiquetes: Afegir etiqueta
Sense etiquetes, Sigues el primer a etiquetar aquest registre!

MARC

LEADER 00000nam a2200000 a 4500
001 UCV4809
003 CL-VaPUC
008 930423e19890000DK |||||||||||||||||eng|d
082 0 4 |a 629.04  |b GUI  |2 21 
245 1 0 |a Guide to food transport: fruit and vegetables 
300 |a 247 p 
942 |c BK 
945 |d 19930423 00:00:00 
260 |a Copenhague  |b Mercantila Publishers  |c 1989 
650 7 |a TRANSPORTE  |2 CL-VaPUC  |9 256365 
650 0 |a Alimentos  |9 256203 
583 |a last modification  |c 19930423 00:00:00  |k Rodrigo Vera 
999 |c 211479  |d 211477 
952 |0 0  |1 0  |4 0  |6 629_040000000000000_GUI_1989  |7 0  |8 A  |9 190838  |a BIBING  |b BIBING  |d 2019-11-14  |i 2585030  |o 629.04 GUI 1989  |p 2585030  |r 2025-01-20  |w 2019-11-14  |y BK  |k TRA